000 00427nam a2200157Ia 4500
005 20240912124130.0
008 240806s9999||||xx |||||||||||||| ||eng||
041 _ahin
082 _a732.44
_bSRIP
100 _aSrivastva, Brijbhushan
245 0 _aPrachin Bharateey pratima vigyan evam murti kala /
_cBrijbhushan Srivastva
260 _aVaranasi:
_bV. V. Prakashan,
300 _a415p.
650 _aAnc. History
942 _cBK
999 _c9340
_d9340